Largest Cities In Massachusetts - Statistics

General Stats
  • This quiz has been taken 59 times
  • The average score is 6 of 9
Answer Stats
Pop. City % Correct
685,094 Boston
100%
154,758 Springfield
83%
185,677 Worcester
81%
113,630 Cambridge
75%
111,346 Lowell
60%
95,120 New Bedford
58%
94,166 Quincy
56%
95,672 Brockton
44%
94,063 Lynn
38%
No matching quizzes found
Score Distribution
Percent of People with Each Score
Percentile by Number Answered
Your Score History
You have not taken this quiz